Ross and Wilson Anatomy & physiology: (Record no. 1300)

MARC details
000 -LEADER
fixed length control field 00606nam a22002177a 4500
003 - CONTROL NUMBER IDENTIFIER
control field OSt
005 - DATE AND TIME OF LATEST TRANSACTION
control field 20210317121807.0
008 - FIXED-LENGTH DATA ELEMENTS--GENERAL INFORMATION
fixed length control field 150330b xxu||||| |||| 00| 0 eng d
020 ## - INTERNATIONAL STANDARD BOOK NUMBER
International Standard Book Number 9780702053269
040 ## - CATALOGING SOURCE
Transcribing agency DNLM
082 ## - DEWEY DECIMAL CLASSIFICATION NUMBER
Classification number QS4 W357r 2014
Item number A
100 ## - MAIN ENTRY--PERSONAL NAME
Personal name Waugh, Anne; Grant, Allison
9 (RLIN) 226
245 ## - TITLE STATEMENT
Title Ross and Wilson Anatomy & physiology:
Remainder of title in health and illess
250 ## - EDITION STATEMENT
Remainder of edition statement 12th ed
260 ## - PUBLICATION, DISTRIBUTION, ETC. (IMPRINT)
Place of publication, distribution, etc. Edinburgh;
Name of publisher, distributor, etc. Churchill,
Date of publication, distribution, etc. 2014
300 ## - PHYSICAL DESCRIPTION
Extent xii,509p;
Other physical details col.ill:
Dimensions 27.5cm
504 ## - BIBLIOGRAPHY, ETC. NOTE
Bibliography, etc Bibliograph & index icluded
650 ## - SUBJECT ADDED ENTRY--TOPICAL TERM
Topical term or geographic name as entry element Anatomy
9 (RLIN) 124
650 ## - SUBJECT ADDED ENTRY--TOPICAL TERM
Topical term or geographic name as entry element Physiology
9 (RLIN) 215
942 ## - ADDED ENTRY ELEMENTS (KOHA)
Source of classification or shelving scheme Other/Generic Classification Scheme
Koha item type Open Shelf
Holdings
Withdrawn status Lost status Source of classification or shelving scheme Damaged status Not for loan Home library Current library Date acquired Source of acquisition Inventory number Total Checkouts Full call number Barcode Date last seen Koha item type Date last checked out Cost, replacement price
    Other/Generic Classification Scheme     MUST Main Library MUST Main Library 30/03/2015 Purchase 15/38868   QS4 W357r 2014 2015-0716 30/03/2015 Open Shelf    
    Other/Generic Classification Scheme     MUST Main Library MUST Main Library 30/03/2015 Purchase 15/38869   QS4 W357r 2014 2015-0717 30/03/2015 Open Shelf    
    Other/Generic Classification Scheme     MUST Main Library MUST Main Library 17/03/2021 Purchase 04/21452 1 QS4 W357r 2014 2021-0271 23/04/2021 Open Shelf 20/03/2021 0.00